000 00463cam a22001814a 4500
005 20250605163550.0
008 250528s ||||||||||||||||||||||||d
035 _a21858
020 _a978960205249
040 _aGR-AtMCL
_bgre
_dGR-AtMCL
_eAACR2
245 1 _aΕΛΛΗΝΙΚΟ MICROSOFT POWERPOINT 2002
250 _a1
260 _bPerspection Inc
_bΚλειδάριθμος,
_c2001
300 _a333
942 _cBK
999 _c6916
_d6916